Der Westchor der St.-Moritz-Kirche in Augsburg
| Main Author: | |
|---|---|
| Format: | Print Article |
| Language: | German |
| Check availability: | HBZ Gateway |
| Interlibrary Loan: | Interlibrary Loan for the Fachinformationsdienste (Specialized Information Services in Germany) |
| Published: |
2002
|
| In: |
Jahrbuch
Year: 2002, Volume: 36, Pages: 453-465 |
| Standardized Subjects / Keyword chains: | B
Sankt Moritz (Augsburg)
/ Choir
|
| IxTheo Classification: | CE Christian art KBB German language area |
MARC
| LEADER | 00000caa a22000002c 4500 | ||
|---|---|---|---|
| 001 | 582832144 | ||
| 003 | DE-627 | ||
| 005 | 20250824171137.0 | ||
| 007 | tu | ||
| 008 | 160405s2002 xx ||||| 00| ||ger c | ||
| 035 | |a (DE-627)582832144 | ||
| 035 | |a (DE-576)466281080 | ||
| 035 | |a (DE-599)GBV582832144 | ||
| 040 | |a DE-627 |b ger |c DE-627 |e rakwb | ||
| 041 | |a ger | ||
| 084 | |a 1 |2 ssgn | ||
| 100 | 1 | |0 (DE-588)119190842 |0 (DE-627)079988059 |0 (DE-576)160498139 |4 aut |a Bushart, Bruno |d 1919-2012 | |
| 109 | |a Bushart, Bruno 1919-2012 |a Bushart, Bruno B. 1919-2012 |a Bushart, Bruno Bernhard Maria 1919-2012 | ||
| 245 | 1 | 4 | |a Der Westchor der St.-Moritz-Kirche in Augsburg |
| 264 | 1 | |c 2002 | |
| 336 | |a Text |b txt |2 rdacontent | ||
| 337 | |a ohne Hilfsmittel zu benutzen |b n |2 rdamedia | ||
| 338 | |a Band |b nc |2 rdacarrier | ||
| 500 | |a Mit 12 Abbildungen | ||
| 601 | |a Westchor | ||
| 601 | |a Augsburg | ||
| 652 | |a CE:KBB | ||
| 689 | 0 | 0 | |d g |0 (DE-588)4678179-1 |0 (DE-627)343922290 |0 (DE-576)214950255 |2 gnd |a Sankt Moritz |g Augsburg |
| 689 | 0 | 1 | |d s |0 (DE-588)4069980-8 |0 (DE-627)106101757 |0 (DE-576)209178833 |2 gnd |a Chorraum |
| 689 | 0 | |5 (DE-627) | |
| 773 | 0 | 8 | |i In |a Verein für Augsburger Bistumsgeschichte |t Jahrbuch |d Lindenberg : Kunstverl. Fink, 1967 |g 36(2002), Seite 453-465 |w (DE-627)167372807 |w (DE-600)510620-5 |w (DE-576)01567195X |x 0341-9916 |7 nnas |
| 773 | 1 | 8 | |g volume:36 |g year:2002 |g pages:453-465 |
| 935 | |a mteo |a DTH5 | ||
| 935 | |i Blocktest | ||
| 951 | |a AR | ||
| ELC | |b 1 | ||
| ITA | |a 1 |t 1 | ||
| LOK | |0 000 xxxxxcx a22 zn 4500 | ||
| LOK | |0 001 3313594212 | ||
| LOK | |0 003 DE-627 | ||
| LOK | |0 004 582832144 | ||
| LOK | |0 005 20160405142257 | ||
| LOK | |0 008 160404||||||||||||||||ger||||||| | ||
| LOK | |0 040 |a DE-Tue135 |c DE-627 |d DE-Tue135 | ||
| LOK | |0 092 |o n | ||
| LOK | |0 852 |a DE-Tue135 | ||
| LOK | |0 852 1 |9 00 | ||
| LOK | |0 935 |a ixzs |a ixmi | ||
| LOK | |0 936ln |0 1442044721 |a KBB | ||
| LOK | |0 936ln |0 1442043881 |a CE | ||
| LOK | |0 939 |a 04-04-16 |b l01 | ||
| ORI | |a SA-MARC-ixtheoa001.raw | ||
| STA | 0 | 0 | |a Choir |
| STB | 0 | 0 | |a Chœur |
| STC | 0 | 0 | |a Coro |
| STD | 0 | 0 | |a Coro |
| STE | 0 | 0 | |a 唱诗班 |
| STF | 0 | 0 | |a 唱詩班 |
| STG | 0 | 0 | |a Coro |
| STH | 0 | 0 | |a Хор (архитектура) |
| STI | 0 | 0 | |a Ιερό |
| SYG | 0 | 0 | |a Kollegiatsstiftskirche,Stadtpfarrkirche,Moritzkirche , Chor |